| 000 | 00473 a2200169 4500 | ||
|---|---|---|---|
| 003 | OSt | ||
| 005 | 20231215155425.0 | ||
| 008 | 231215b |||||||| |||| 00| 0 eng d | ||
| 020 | _a8170559022 | ||
| 040 | _coclc | ||
| 082 |
_a891.43 _bPRA/K |
||
| 100 |
_aPrasad, Gobind _910138 |
||
| 245 |
_aKAVITA KE SAMMUKH / _cGobind Prasad |
||
| 260 |
_aNew Delhi: _bVani Prakashan, _c2002. |
||
| 300 | _a150p | ||
| 942 |
_2ddc _cBK _h891.43 _iPRA/K _k891.43 _mPRA/K |
||
| 999 |
_c43433 _d43433 |
||